| 000 | 00904cab a2200241 4500 | ||
|---|---|---|---|
| 001 | WB2945-42 | ||
| 008 | 090401t1993 xxu||||| |||| 00| 0 eng d | ||
| 035 | _a(Sirsi) u36705 | ||
| 041 | _aeng | ||
| 245 | _aProperty cannot be sold | ||
| 260 | _c1993 | ||
| 350 | _a0 | ||
| 490 |
_aTimes _v30 November 1993, 35(1) |
||
| 520 | _a"Abbey National plc v Moss and others" CA 12 November 1993, held that a subsisting collateral purpose to a trust for sale could not be overridden by the trust even when the beneficial interest of one original party to the trust had passed to another who was kept out of the enjoyment of the property and sale proceeds. | ||
| 650 | _aBENEFICIAL INTEREST | ||
| 650 | _aLAW OF PROPERTY ACT 1925 S30 | ||
| 650 | _aPROPERTY SALES | ||
| 650 | _aTRUST FOR SALE | ||
| 650 | _aTRUSTS | ||
| 690 | _aPROPERTY LAW AND PRACTICE-CASE LAW | ||
| 942 | _n0 | ||
| 948 | _c04/03/1997 | ||
| 999 |
_c23764 _d23764 |
||